000 00524nam a2200157 i 4500
001 65521
003 ES-MaACL
007 t|
008 040115s1955 sp ||||1| spa d
100 1 _aFrieberger, Kurt.
_952599
245 1 0 _aSimón Pedro
_b: pescador : novela /
_cKurt Frieberger ; versión española de J. Jesús Gómez de Segura.
260 _aSan Sebastián :
_bDinor,
_c1955 (
_fImp. Industrial)
300 _a546 p. ;
_c20 cm.
700 1 _aGómez de Segura, J. Jesús.
_957920
852 _aES-MaACL
_jC-9634
_bR.37787
999 _c65521
_d65521